000 00358nam a2200145Ia 4500
008 210210b1992 xxu||||| |||| 00| 0 eng d
082 _a792.03 BANC
100 _aBANHAM (Martin).
245 _aCambridge guide to theater.
260 _aN Y
_bCambridge University Press
_c1992
300 _a1104
650 _aTheater
690 _aTheatre
906 _a048270
999 _c96977
_d96977